Rhodesia/Zimbabwe : a bibliographic guide to the Nationalist period /

Bibliographic Details
Main Author: Doro, Marion E.
Format: Book
Language:English
Published: Boston : G.K. Hall, [1984]
Series:Reference publication in African studies.
Subjects:

MARC

Tag First Indicator Second Indicator Subfields
LEADER 00000cam a22000008a 4500
001 in00000544521
005 20151013161654.0
008 830803s1984 mau b 00110 eng
010 |a  83012939  
020 |a 0816182752 
035 |a (OCoLC)09830601 
035 |9 ACG6346AM 
039 0 |a 2  |b 3  |c 3  |d 3  |e 3 
040 |a DLC  |c DLC  |d TXA  |d UtOrBLW 
043 |a f-rh--- 
049 |a TXAM  |c [002147] 
050 0 0 |a Z3578  |b .D67 1983  |a DT962.75 
082 0 |a 016.96891  |2 19 
090 |a Z3578  |b .D67 1984 
100 1 |a Doro, Marion E. 
245 1 0 |a Rhodesia/Zimbabwe :  |b a bibliographic guide to the Nationalist period /  |c Marion E. Doro. 
263 |a 8403 
264 1 |a Boston :  |b G.K. Hall,  |c [1984] 
264 4 |c ©1984 
300 |a xvi, 247 pages 
336 |a text  |b txt  |2 rdacontent 
337 |a unmediated  |b n  |2 rdamedia 
338 |a volume  |b nc  |2 rdacarrier 
490 1 |a A reference publication in African studies 
500 |a Includes indexes. 
650 0 |a National liberation movements  |z Zimbabwe  |x Bibliography. 
651 0 |a Zimbabwe  |x Politics and government  |y 1965-1979  |x Bibliography. 
651 0 |a Zimbabwe  |x Politics and government  |y 1979-1980  |x Bibliography. 
830 0 |a Reference publication in African studies. 
999 |a MARS 
999 f f |s 934fae89-b4a4-3dfd-884e-b7a2f2b7c431  |i fa2d5657-0360-3010-9a02-38ab9f337fe9  |t 0 
952 f f |p ric  |a Texas A&M University  |b Rellis Campus  |c Joint Library Facility  |d Remote Storage  |t 0  |e Z3578 .D67 1984  |h Library of Congress classification  |i unmediated -- volume  |m A14807833794 
998 f f |a Z3578 .D67 1984  |t 0  |l Remote Storage